000 nam a22 7a 4500
999 _c7181
_d7181
008 170727b xxu||||| |||| 00| 0 eng d
100 _93757
_aLefrancois Guy R
245 _aOf children introduction to child development
260 _aCalifornia
_bWadsworth Publishing company
_c1973